| 000 | 00431pab a2200157 454500 | ||
|---|---|---|---|
| 008 | 180718b2001 xxu||||| |||| 00| 0 eng d | ||
| 100 | _aDhar, B.B. | ||
| 245 | _aHigher education scenario in the 21st century: accepting challenges to change | ||
| 260 | _c2001 | ||
| 300 | _ap.1-3,6 | ||
| 362 | _a27 Aug | ||
| 650 | _aHigher education - 21st century | ||
| 650 | _aHigher education | ||
| 773 | _aUniversity News | ||
| 909 | _a49775 | ||
| 999 |
_c49775 _d49775 |
||